Vocaloid Song Quiz 1 - Statistics

General Stats
  • This quiz has been taken 801 times
  • The average score is 5 of 15
Answer Stats
Hint Song Answers % Correct
"The Princess in the world; Know to treat me that way by heart, okay?" World is Mine
92%
"Come on, drink this! You like vegetable juice, don't you? I've decided that you must, right now! So drink up! My vegetable juice; Costs 200 yen..." Po pi po
72%
"One more time, one more time; 'I will be rolling again today' and the girl says, the girl says as she orchestrated the meaning in her spoken words..." Rolling Girl
72%
"A robot made by a lonely scientist; The result could only be called a 'miracle'; But still lacking was something that can't be made; That is called 'Heart'." Kokoro
65%
"____ __ ______; All we gotta do is ____ __ ______; It's time to say goodbye ____ __ ______; All we gotta do is ____ __ ______, _____ __ ______..." Just Be Friends
46%
"Say, to a fusion reactor; I think I want to try diving in; It must be beautiful, enfolded by pure blue light..." Meltdown
46%
"The corner of the room is where we kissed; I learned what it's like to feel pain; A piano echoes, resounding in my head..." Butterfly on Your Right Shoulder
28%
"Devour everything in this world; There is still room in the stomach; Even the deadly poison that's gleaming blue; Is nothing but a spice on the main dish..." Evil Food Eater Conchita
24%
"Dancing in the night; On this dance floor; Excuse me for eliminating the men without rhythm; Dancing all the night..." Dancing Samurai
23%
"A radius of 250cm. is the distance my voice can reach; From now on, I'll move around and sing; So please, stay away from me." Double Lariat
19%
"I don't know, I don't know, but the buzzing in my ears... Was sucked up by the sunset, and vanished into air..." A Tale of Six Trillion Years and a Night
11%
"On a vacant hill, overlooking the town, having followed my crush, I witnessed his secret; The popsicle thrown into the air, it was devoured by a giant maw..." My Crush Was A Monster Boy
9%
"Am I breaking down? I'm breaking! Even still I want to keep breathing, breathing; Did I just see you? Like in the last dream? Even the words are blocked..." ERROR
7%
"Isn't it fine to say that we are loved? To be bound so the world may never but touch; Isn't this, too, just fate, and nothing more? Fade away, fade away..." Mozaik Role
5%
"Although this entire body, is nothing but artificial; At least this heart, let it be dedicated to you in songs..." A Thousand-Years Solo
1%
No matching quizzes found
Score Distribution
Percent of People with Each Score
Percentile by Number Answered
Your Score History
You have not taken this quiz